000 00351nam a2200145Ia 4500
005 20251222143242.0
008 251222s9999||||xx |||||||||||||| ||spa||
020 _a84-254-0680-3
082 _a152.5/L53
100 _aLeukel, Francis
245 0 _aIntroducción a la Psicología Fisiológica
250 _a2a.ed.
264 _bHerder
942 _cLIB
999 _c14622
_d14622